LIBRARY & INFORMATION CENTRE, KCAET, TAVANUR

ONLINE PUBLIC ACCESS CATALOGUE (OPAC)

Painkili / (Record no. 12043)

MARC details
000 -LEADER
fixed length control field 00376cam a2200157ua 4500
041 ## - LANGUAGE CODE
Language code of text/sound track or separate title mal
082 ## - DEWEY DECIMAL CLASSIFICATION NUMBER
Classification number 894.81209
Item number RAM/PA
100 ## - MAIN ENTRY--AUTHOR NAME
Personal name Ramakrishna, .
245 ## - TITLE STATEMENT
Title Painkili /
260 ## - PUBLICATION, DISTRIBUTION, ETC. (IMPRINT)
Place of publication Calicut :
Name of publisher P.K. Brothers ,
Year of publication 1965.
300 ## - PHYSICAL DESCRIPTION
Number of Pages 127 ; .
500 ## - GENERAL NOTE
General note 1.50
942 ## - ADDED ENTRY ELEMENTS (KOHA)
Koha item type Books
Holdings
Withdrawn status Lost status Damaged status Home library Current library Date acquired Cost, normal purchase price Full call number Accession Number Koha item type Public note
Withdrawn     KAUAET Malayalam University 07/04/2012 1.50 894.81209 7491 Books Transferred to Malayalam University
free website counter